|
|
|
|
| LEADER |
01181nam a2200277 a 4500 |
| 001 |
13550879 |
| 008 |
090621s2003 enkab b 001 0 eng d |
| 010 |
|
|
|a 2004271054
|
| 020 |
|
|
|a 0714841552
|
| 040 |
|
|
|a CVU
|c CVU
|d AGX
|d DLC
|
| 082 |
0 |
0 |
|a 724/.6
|2 22
|
| 100 |
1 |
|
|a Spens, Michael.
|
| 245 |
1 |
0 |
|a Modern landscape /
|c Michael Spens.
|
| 260 |
|
|
|a London ;
|a New York :
|b Phaidon Press,
|c 2003.
|
| 300 |
|
|
|a 239 p. :
|b ill. (some col.), maps ;
|c 30 cm.
|
| 504 |
|
|
|a Includes bibliographical references (p. 234-235) and index.
|
| 541 |
1 |
|
|e 00012596
|
| 650 |
|
0 |
|a Architecture
|x Environmental aspects.
|
| 650 |
|
0 |
|a Landscape architecture.
|
| 650 |
|
0 |
|a Architecture, Modern
|y 20th century.
|
| 650 |
|
0 |
|a Architecture, Modern
|y 21st century.
|
| 852 |
4 |
|
|a Ayesha Abed Library
|j General shelf
|
| 942 |
0 |
0 |
|0 2
|
| 999 |
|
|
|c 1501
|d 1501
|
| 952 |
|
|
|0 0
|1 0
|2 ddc
|4 0
|6 724_600000000000000_SPE
|7 0
|9 1378
|a BRACUL
|b BRACUL
|c GEN
|d 2009-06-28
|g 6321.00
|l 8
|m 67
|o 724.6 SPE
|p 3010012596
|r 2023-09-09
|s 2023-01-24
|t 1
|w 2009-06-28
|y BK
|x HKD 587.30
|
| 952 |
|
|
|0 0
|1 0
|2 ddc
|4 0
|6 724_600000000000000_SPE_2003
|7 0
|9 9260
|a BRACUL
|b BRACUL
|c GEN
|d 2010-04-18
|l 13
|m 47
|o 724.6 SPE
|p 3010013776
|r 2026-05-17
|s 2026-02-24
|t 2
|w 2010-04-18
|y BK
|